00722nam a2200241Ia 4500003000400000005001700004008004100021020002200062040000700084041001200091082001700103100002400120245002200144260003300166300001500199365001300214650002200227650002600249906002400275942001200299999001900311952015000330OSt20250918184906.0210423s2011 xx 000 0 und d a978-93-80752-47-1 cAL aEnglish a305.4 bLALW aSugandh Lal9117477 aWomen empowerment aNew DelhibKunal Booksc2011 avi,279bHB b795cINR aSociology9117478 aWomen Studies9117479 aempowerment ; Women 2ddccBK c176328d176328 001040708MSWaSACPGbSACPGd2014-03-17eBook World Mangaloreg795.00l3o305.4 LALWpPG023032r2024-05-04 00:00:00s2024-04-24w2021-04-26yBK